| 000 | 00823nas a22002177a 4500 | ||
|---|---|---|---|
| 005 | 20260528104900.0 | ||
| 008 | 260528b19771981porz||j| |||| 00| z por d | ||
| 040 | _cBR-ViAPE | ||
| 245 | _aBoletim da C.L.C.I - Cachoeiro de Itapemirim | ||
| 260 |
_aCachoeiro de Itapemirim _bCooperativa "Laticínios Cachoeiro de Itapemirim Ltda" _c1977-1981 |
||
| 300 |
_av. _bil. |
||
| 310 | _aMensal | ||
| 362 | _aAno 25, n. 323 (jun. 1977) - ano 30, n. 368 (mar. 1981). | ||
| 500 | _aColeção incompleta: disponíveis apenas alguns números do periódico. | ||
| 650 |
_aCooperativa _xLaticínios _xCooperados _zEspírito Santo |
||
| 651 |
_aEspírito Santo (Brasil) _vPeriódicos |
||
| 700 |
_aBarbosa, Ryve Campos _eDiretor |
||
| 710 | _aCooperativa "Laticínios Cachoeiro de Itapemirim Ltda" | ||
| 942 |
_2ddc _cPER _n1 |
||
| 999 |
_c724 _d724 |
||